| 000 | 00709cam a22002534a 4500 | ||
|---|---|---|---|
| 999 |
_c5005 _d5005 |
||
| 001 | 11932 | ||
| 003 | BD-DhUAP | ||
| 005 | 20230620131258.0 | ||
| 008 | 201126s2007 maua b 001 0 eng | ||
| 020 | _a9780071260930 | ||
| 020 | _a0071260935 | ||
| 040 |
_aDLC _cDLC _dBD-DhUAP _beng |
||
| 082 |
_223 _a615.1 BAS |
||
| 245 | 0 | 0 |
_aBasic & clinical pharmacology / _cedited by Bertram G. Katzung. |
| 250 | _a10th ed. | ||
| 260 |
_aBoston : _bMcGraw Hill, _cc2007. |
||
| 300 |
_axiv, 1179 pages : _billustrations ; _c26 cm. |
||
| 490 | _aa LANGE medical book | ||
| 500 | _aIncludes index. | ||
| 650 | 0 | _aClinical pharmacology. | |
| 650 | 0 | _aPharmacology. | |
| 700 | 1 | _aKatzung, Bertram G. | |
| 942 |
_2ddc _cBK |
||